000 00291nam a2200109 4500
008 160622b xxu||||| |||| 00| 0 eng d
100 _9532
_aWetson , T, F, et, al
245 _aMaking Sure Of Maths
260 _aHolmes Mc Dougall Ltd.
_c1970
300 _aMaking Sure Of Maths
942 _2ddc
_cBK
999 _c442
_d442